Statistics for Steely Dan Songs

Click here to take the quiz!

General Stats

  • This quiz has been taken 224 times
  • The average score is 39 of 80

Answer Stats

Answer% Correct
Aja
92%
Do It Again
87%
Peg
83%
Dirty Work
82%
Gaucho
82%
Reelin' In The Years
82%
Black Cow
81%
Kid Charlemagne
74%
Deacon Blues
73%
Pretzel Logic
73%
The Royal Scam
73%
Rikki Don't Lose That Number
72%
Bodhisattva
71%
Josie
71%
Kings
70%
My Old School
67%
Babylon Sisters
66%
Haitian Divorce
66%
Doctor Wu
65%
Hey Nineteen
65%
The Caves Of Altamira
64%
Home At Last
63%
The Fez
61%
Your Gold Teeth
61%
Green Earrings
60%
Bad Sneakers
59%
Black Friday
58%
Don't Take Me Alive
55%
Fire In The Hole
54%
Only A Fool Would Say That
53%
Your Gold Teeth II
51%
Any Major Dude Will Tell You
50%
Glamour Profession
50%
I Got The News
50%
Midnite Cruiser
50%
Show Biz Kids
50%
King Of The World
49%
Third World Man
49%
Time Out Of Mind
49%
Brooklyn (Owes The Charmer Under Me)
46%
East St. Louis Toodle-Oo
46%
Pearl Of The Quarter
45%
Everyone's Gone To The Movies
44%
Night By Night
44%
Turn That Heartbeat Over Again
44%
With A Gun
44%
Barrytown
43%
Razor Boy
43%
The Boston Rag
43%
Everything Must Go
41%
Two Against Nature
41%
Everything You Did
40%
My Rival
40%
Parker's Band
40%
Sign In Stranger
40%
Chain Lightning
39%
Change Of The Guard
39%
Cousin Dupree
39%
Daddy Don't Live In That New York City No More
37%
Charlie Freak
36%
Rose Darling
36%
Through With Buzz
36%
Monkey In Your Soul
35%
Gaslighting Abbie
34%
Any World (That I'm Welcome To)
33%
Throw Back The Little Ones
32%
Jack of Speed
29%
Almost Gothic
25%
Godwhacker
22%
Janie Runaway
22%
West of Hollywood
22%
The Last Mall
20%
Pixeleen
19%
Things I Miss the Most
19%
What a Shame About Me
19%
Lunch with Gina
18%
Blues Beach
17%
Negative Girl
16%
Slang of Ages
15%
Green Book
14%

Score Distribution

Percentile by Number Answered

Percent of People with Each Score

Your Score History

You have not taken this quiz